000 00475nam a2200157Ia 4500
008 160316s1966 xxu||||| |||| 00| 0 eng d
082 _a341.552000
_bVER
100 _aVerzijl J H W
245 _aThe jurisprudence of the world court , A case by case commentary : Vol. II The international court of justice ( 1947 - 1965 ) Index to vols I and II
250 _a
260 _aLeyden
_bA W Sijthoff
_c1966
300 _a594p
_b
_c
365 _b
650 _a
700 _a
_a
999 _c17316
_d17316